| 000 | 01083nam0a22002771 4500 | ||
|---|---|---|---|
| 001 | v19\rc\1645789 | ||
| 005 | 20250619001529.0 | ||
| 035 | _a(NLR Aleph) 004758122 | ||
| 090 |
_a4569722 _c4569722 |
||
| 100 | _a20061002e18871887|||y0rusy50 ca | ||
| 101 | 0 | _arus | |
| 102 | _aRU | ||
| 105 | _ay i ||||| | ||
| 200 | 1 |
_aК изучению в медико-топографическом и статистическом отношении губернского города Могилева. А. Голынец. Дисс. 1887 г. _e[Отзыв |
|
| 210 |
_aСанкт-Петербург] _cтип. П.И. Шмидта _dценз. 1887 |
||
| 215 | _a3 с. | ||
| 300 | _aВ конце текста: П-в | ||
| 309 | _aБез тит. л. и обл. | ||
| 311 | _aОтд. отт. из "Русской медицины" № 29, 1887 г. | ||
| 488 | 0 |
_12001#$aРусская медицина$v1887, № 29 _tРусская медицина |
|
| 701 | 1 | _aП-в | |
| 801 | 0 |
_aRU _bNLR _gpsbo |
|
| 801 | 1 |
_aRU _bProSoft-M _2rusmarc |
|
| 852 |
_aNLR _j18.320.6.437 |
||
| 942 | _cBOOK | ||
| 980 | _aNB | ||